| 000 | 01088cam a22003015a 4500 | ||
|---|---|---|---|
| 003 | EG-ScBUE | ||
| 005 | 20220427111039.0 | ||
| 008 | 181106s2011 it a f b 001 0 eng d | ||
| 020 | _a9788871643823 | ||
| 040 |
_aEG-ScBUE _beng _erda _cEG-ScBUE _dEG-ScBUE |
||
| 082 | 0 | 4 |
_a418 _bSIN _222 |
| 100 | 1 |
_aSindoni, Maria Grazia, _d1974- _eauthor. _941913 |
|
| 245 | 1 | 0 |
_aSystemic-functional grammar and multimodal studies : _ban introduction with text analysis / _cMaria Grazia Sindoni. |
| 264 | 1 |
_aPavia : _bIbis, Como, _c2011. |
|
| 300 |
_a218 pages : _billustrations ; _c24 cm. |
||
| 336 |
_2rdacontent _atext _btxt |
||
| 337 |
_2rdamedia _aunmediated _bn |
||
| 338 |
_2rdacarrier _avolume _bnc |
||
| 490 | 0 | _aMultimodal text studies in English | |
| 504 | _aIncludes bibliographical references and index. | ||
| 650 | 7 |
_aFunctional discourse grammar. _2BUEsh _940502 |
|
| 650 | 7 |
_aLinguistic analysis (Linguistics) _2BUEsh |
|
| 650 | 7 |
_aMultimedia communications. _2BUEsh _937797 |
|
| 651 | _2BUEsh | ||
| 653 |
_bHHUUEENN _cNovember2018 |
||
| 655 |
_vReading book _934232 |
||
| 942 |
_2ddc _cBB |
||
| 999 |
_c26961 _d26933 |
||